000 01984cam a2200301 4500500
005 20260329013842.0
041 _afre
042 _adc
100 1 0 _aRivière, Antoine
_eauthor
700 1 0 _aCraig, Laure
_eauthor
700 1 0 _aCras, Anne-Sophie
_eauthor
700 1 0 _aFloreck, Delphine
_eauthor
245 0 0 _aCommuniquer les dossiers de l’enfance
260 _c2026.
500 _a75
520 _aDepuis quelques décennies, les anciens enfants placés et leurs descendants sont nombreux à chercher dans les archives les bribes de leur histoire conservées par les institutions de la Protection de l’enfance ou de la Justice des mineurs. Face à ce nouveau public, pour lequel la consultation des archives revêt souvent de puissants enjeux mémoriels, affectifs voire identitaires, les archivistes doivent repenser leurs pratiques. Trois archivistes des archives du Tarn-et-Garonne racontent leur expérience et ouvrent les coulisses de la communication des dossiers de l’enfance placée.
520 _aIn recent decades, many former children in care and their descendants have turned to archives for bits and pieces of their histories preserved by child protection or juvenile justice institutions. Faced with this new audience, for whom consultation of archives often involves powerful issues of memory, emotion and even identity, archivists have had to rethink their practices. Three archivists from the Archives du Tarn-et-Garonne share their experiences and take us behind the scenes of the communication of files on children in care.
690 _aarchives
690 _ahistoire familiale
690 _amémoire
690 _aprotection de l’enfance
690 _aarchives
690 _achild protection
690 _afamily history
690 _amemory
786 0 _nL'irrégulière | 27 | 1 | 2026-02-16 | p. 105-112 | 1962-9419
856 4 1 _uhttps://shs.cairn.info/revue-l-irreguliere-2025-1-page-105?lang=fr&redirect-ssocas=7080
999 _c1883998
_d1883998